1728 1194 1260 1920 1048 1130 1149 1185 1026 1455 1780 1975 1753 1880 1524 1704 1553 1240 1877 1046 1553 1185 1065 1557 1695 1545 1711 1755 1488 1628 1610 1262 1231 1977 1662 1032 1200 1917 1589 1358 1486 1757 1422 1662 1147 1921 1622 1920 1686 1961 1920 1563 1210 1385 1954 1082 1646 1638 1352 1977 1590 1256 1081 1064 1072 1115 1017 1110 1158 1027 1238 1552 1951 1952 1490 1803 1825 1291 1234 1673 1381 1297 1467 1628 1904 1737 1766 1026 1480 1019 1906 1049 1881 1637 1697 1421 1098 1477 1127 BCNSPRNW ULIB Ver.6.0+V

เปลี่ยนเป็นภาษาไทย

Change to English
 แสดงรายละเอียดบรรณานุกรม
  กลับหน้าหลัก

Brief Record : Get Marc (ISO 2709) : E-mail record : QR code < ปิดหน้าต่าง
LEADER : 00000nam 2200000 a 4500
001    13399120030
003     ULIB
008    120210s2555 th a 000 0 tha d
020    ^a9786162710254
060 04 ^aWP390^bส979ย 2555
100 0  ^aโสภณ ชีวะธนรักษ์
245 10 ^aเยื่อบุมดลูกต่างที่ =^bEndometriosis /^cโสภณ ชีวะธนรักษ์
246 31 ^aEndometriosis
250    ^aพิมพ์ครั้งที่ 1
260    ^aสงขลา :^b[คณะแพทยศาสตร์ มหาวิทยาลัยสงขลานครินทร์],^c2555
300    ^a306 หน้า :^bภาพประกอบ ;^c25 ซม.
650  4 ^aเยื่อบุมดลูก
710 2  ^aมหาวิทยาลัยสงขลานครินทร์. ^bคณะแพทยศาสตร์
945    ^p290^l0^i032517
945    ^p290^l0^i032518
945    ^p290^l0^i032519
945    ^p290^l0^i032520
995    ^aเกษร
999    ^aใช้งานได้ทุกระบบ
รายการนี้ยังไม่มีแท็ก
คุณยังไม่ได้ล็อกอิน คุณสามารถมีกิจกรรมร่วมกับเว็บไซต์ได้ แต่ต้องล็อกอินก่อน ::
  ล็อกอิน

รายการสื่อสารสนเทศ

ลำดับที่ ประเภท เลขเรียก/บาร์โค้ด สถานที่ สถานะ
1. วิทยาศาสตร์การแพทย์ และสุขภาพ
หนังสือสำรอง
สถานะ=หนังสือสำรอง
WP390 ส979ย 2555 ฉ.1 
  Barcode: 032517
ห้องสมุดวิทยาเขตสวรรค์ประชารักษ์
►ส่วนจัดเก็บหนังสือเก่า สปร
บนชั้น
  ขอยืม
2. วิทยาศาสตร์การแพทย์ และสุขภาพ
วิทยาศาสตร์การแพทย์ และสุขภาพ
WP390 ส979ย 2555 ฉ.2 
  Barcode: 032518
ห้องสมุดวิทยาเขตสวรรค์ประชารักษ์
►ส่วนจัดเก็บหนังสือเก่า สปร
บนชั้น
  ขอยืม
3. วิทยาศาสตร์การแพทย์ และสุขภาพ
วิทยาศาสตร์การแพทย์ และสุขภาพ
WP390 ส979ย 2555 ฉ.3 
  Barcode: 032519
ห้องสมุดวิทยาเขตสวรรค์ประชารักษ์
►ส่วนจัดเก็บหนังสือเก่า สปร
บนชั้น
  ขอยืม
4. วิทยาศาสตร์การแพทย์ และสุขภาพ
วิทยาศาสตร์การแพทย์ และสุขภาพ
WP390 ส979ย 2555 ฉ.4 
  Barcode: 032520
ห้องสมุดวิทยาเขตสวรรค์ประชารักษ์
►ส่วนจัดเก็บหนังสือเก่า สปร
บนชั้น
  ขอยืม

รายการใกล้เคียง
    ผู้แต่ง [โสภณ ชีวะธนรักษ์]

    หัวเรื่อง [เยื่อบุมดลูก]

BibComment


ยังไม่เคยถูกคอมเมนท์

คอมเมนท์ทรัพยากรรายการนี้
  คอมเมนท์: เยื่อบุมดลูกต่าง..


 Copyright 2026. Bcnsprnw @Library